Представление документа в формате MARC21

Поле Инд. ПП Название Значение
Тип записи a
Библиографический уровень m
001 Контрольный номер RU/IS/BASE/490726700
005 Дата корректировки 20220803155256.0
020 a ISBN 5-88782-241-4
040 b Код языка каталог. rus
041 0_ a Код языка текста rus
080 a Индекс УДК 004.42
084 a Индекс другой классификации/Индекс ББК 32.973.26-018.2
090 a Полочн. индекс 681.3
x Авторский знак А65
097 b Оператор 02
100 1_ a Автор Андреев В.
245 10 a Заглавие Microsoft Exchange в действии
260 a Место издания Санкт-Петербург
b Издательство Питер
c Дата издания 1997
300 a Объем 272 с.
b Иллюстрации/ тип воспроизводства ил.
510 0_ a Примечание о ссылках Книги и методические пособия
650 04 a Основная рубрика 50.41 Программное обеспечение вычислительных машин, комплексов и сетей
x Основная подрубрика 50.41.25 Прикладное программное обеспечение
653 0_ a Ключевые слова интернет
901 t Тип документа m